| 000 | 00000nam##2200000za#4500 |
| 001 | 9.643121 |
| 003 | CaOODSP |
| 005 | 20250506145323 |
| 007 | cr ||||||||||| |
| 008 | 150407|1979||||xxc|||||o f|0| 0 fre|d |
| 040 | |aCaOODSP|bfre |
| 043 | |an-cn--- |
| 086 | 1 |aA53-1688/1979F-PDF |
| 110 | 1 |aCanada.|bAgriculture Canada. |
| 245 | 10|aIntoxication agricole par les gaz / |h[ressource électronique]|ctraduction de la version anglaise rédigée par l'Association pour la sécurité à la ferme. |
| 260 | |aOttawa - Ontario : |bAgriculture Canada |c1979. |
| 300 | |a12p.|bill., tableau |
| 500 | |aPublication historique numérisée par Agriculture et Agroalimentaire Canada. |
| 590 | |a14-11-Supp|b2014-05-21 |
| 691 | 07|aEmpoisonnement|2gcpds |
| 691 | 07|aExploitation agricole|2gcpds |
| 691 | 07|aGaz|2gcpds |
| 691 | 07|aProduit toxique|2gcpds |
| 775 | 08|tGas poisoning on the farm |w(CaOODSP)9.699100 |
| 856 | 40|ahttp://publications.gc.ca|qPDF|s458 Ko|uhttps://publications.gc.ca/collections/collection_2014/aac-aafc/agrhist/A53-1688-1979-fra.pdf |
| 986 | |a1688 |